00575nam a2200169 4500001000700000003000900007005001700016007000300033008004100036100003400077245005600111260004400167300003300211852002100244999001900265952012100284123738ES-MaACL20230906192229.0t|070214s1912 xxk r ||||1| eng d1 aRait, Robert Sangster.99504110aLife in the medieval university / cRobert S. Rait. aCambridge : bUniversity Press, c1912. aVIII, 164 p. ; c17 x 11 cm. aES-MaACLjF-3017 c123738d123738 00104070aATENEOMbATENEOMcDEPO2d2008-01-17eSCl0oF-3017p1128919r2023-02-23 00:00:00w2023-02-23yMONOGRAFIA